Social alternatives

Detalles Bibliográficos
Formato: Electrónico Revista
Lenguaje:inglés
Publicado: [Brisbane, Australia] : [Social Alternatives]
Materias:
Acceso en línea:Full text available from Research Library: 07/01/2007 to present

MARC

LEADER 00000nas a2200000 a 4500
001 ssj0013275
003 WaSeSS
005 20200512172242.0
006 m d
007 cr n
008 790820c19779999qeauu p s 0 a0eng c
010 |a  82641553  
016 |a (AMICUS)000003181566 
016 7 |a 009878408  |2 Uk 
022 |l 0155-0306  |y 0155-0306 
035 |a (WaSeSS)ssj0013275 
037 |b T.B. Clark (Overseas) Pty Ltd., 43 Queen St., Woollahra, N.S.W. 2025 
040 |a HLS  |b eng  |c HLS  |d DLC  |d NST  |d DLC  |d AIP  |d NST  |d OCL  |d EYM  |d OCLCQ  |d CUS  |d OCLCQ  |d UKMGB  |d OCLCQ  |d OCLCO  |d OCLCQ  |d OCLCF  |d OCLCO  |d OCL  |d NLC  |d OCLCQ  |d WaSeSS 
042 |a pcc 
043 |a u-at--- 
050 0 0 |a HN841  |b .S65 
082 0 4 |a 306/.0994 
210 0 |a Soc. altern. 
222 0 |a Social alternatives 
245 0 0 |a Social alternatives  |h [electronic resource]. 
260 |a [Brisbane, Australia] :  |b [Social Alternatives] 
362 1 |a Began with spring 1977 issue. 
506 |a License restrictions may limit access. 
588 |a Description based on: Vol. 2, no. 2 (Aug. 1981); title from cover. 
650 0 |a Social change  |v Periodicals. 
650 7 |a Social change.  |2 fast  |0 (OCoLC)fst01122310 
650 7 |a Social conditions  |2 fast  |0 (OCoLC)fst01919811 
651 0 |a Australia  |x Social conditions  |v Periodicals. 
651 7 |a Australia.  |2 fast  |0 (OCoLC)fst01204543 
655 0 |a Electronic journals. 
850 |a CLU  |a CaOONL  |a DeU  |a DLC  |a INS  |a IaU  |a MiU  |a NN 
856 4 0 |z Full text available from Research Library: 07/01/2007 to present  |u https://search.proquest.com/publication/31438